[Event "Reykjavik op"]
[Site "Reykjavik"]
[Date "2024.03.21"]
[Round "9"]
[White "Anishka, Vikram"]
[Black "Manish, Anto Cristiano F"]
[Result "0-1"]
[WhiteElo "1995"]
[BlackElo "2286"]
[PlyCount "82"]
[EventDate "2024.03.15"]
[EventType "swiss"]
[EventRounds "9"]
[EventCountry "ISL"]
[SourceTitle "CB13_2024"]
[SourceDate "2024.03.27"]
[SourceVersion "1"]
[SourceVersionDate "2024.03.27"]
[SourceQuality "1"]

1. d4 Nf6 2. c4 e6 3. Nc3 Bb4 4. e3 d5 5. Nf3 0-0 6. Bd2 b6 7. cxd5 exd5 8. Bd3 Bb7 9. 0-0 a6 10. Ne5 Bd6 11. f4 c5 12. Rc1 Nc6 13. Na4 c4 14. Bb1 b5 15. Nc3 Ne7 16. Be1 Ne4 17. Bxe4 dxe4 18. Qe2 f6 19. Ng4 Qd7 20. h3 Rac8 21. a3 a5 22. Na2 Qd8 23. Bd2 Nd5 24. Qe1 Ra8 25. Rf2 Re8 26. Nc3 Qb6 27. Ne2 Qa6 28. Ng3 b4 29. axb4 axb4 30. Nf5 Bf8 31. Rf1 Rec8 32. Qg3 Qe6 33. Nh4 Kf7 34. f5 Qd6 35. Qxd6 Bxd6 36. Nf2 Nb6 37. g4 Ra2 38. Rb1 c3 39. Be1 c2 40. Rc1 Rxb2 41. Bd2 Nc4 0-1

[Event "Reykjavik op"]
[Site "Reykjavik"]
[Date "2024.03.18"]
[Round "6"]
[White "Manish, Anto Cristiano F"]
[Black "Suleymenov, Alisher"]
[Result "0-1"]
[WhiteElo "2286"]
[BlackElo "2506"]
[PlyCount "68"]
[EventDate "2024.03.15"]
[EventType "swiss"]
[EventRounds "9"]
[EventCountry "ISL"]
[SourceTitle "CB13_2024"]
[SourceDate "2024.03.27"]
[SourceVersion "1"]
[SourceVersionDate "2024.03.27"]
[SourceQuality "1"]

1. e4 c5 2. Nf3 d6 3. d4 cxd4 4. Nxd4 Nf6 5. Nc3 a6 6. Bg5 e6 7. f4 h6 8. Bh4 Nbd7 9. Qe2 e5 10. fxe5 Nxe5 11. 0-0-0 Be7 12. Kb1 0-0 13. Bg3 Qc7 14. Nf5 Bxf5 15. exf5 Rac8 16. Bxe5 dxe5 17. g4 Qb6 18. Rd3 Bb4 19. Ne4 Nxe4 20. Qxe4 Bc3 21. b3 Qc5 22. f6 gxf6 23. Rxc3 Qxc3 24. Bd3 Rfd8 25. Qh7+ Kf8 26. Rf1 Ke7 27. Qxh6 Rc6 28. Qh7 a5 29. g5 Rxd3 30. cxd3 Qc2+ 31. Ka1 Qd2 32. gxf6+ Rxf6 33. Qh3 a4 34. Kb1 a3 0-1

[Event "Chennai op 14th"]
[Site "Chennai"]
[Date "2024.01.01"]
[Round "2"]
[White "Manish, Anto Cristiano F"]
[Black "Kashthuri Bhai, R."]
[Result "1-0"]
[WhiteElo "2349"]
[BlackElo "1639"]
[PlyCount "115"]
[EventDate "2023.12.31"]
[EventType "swiss"]
[EventRounds "10"]
[EventCountry "IND"]
[SourceTitle "CB02_2024"]
[SourceDate "2024.01.10"]
[SourceVersion "1"]
[SourceVersionDate "2024.01.10"]
[SourceQuality "1"]

1. e4 e5 2. Nf3 Nc6 3. Bb5 a6 4. Ba4 d6 5. c4 Bd7 6. Nc3 Nf6 7. 0-0 Be7 8. Re1 0-0 9. Bxc6 bxc6 10. d4 exd4 11. Nxd4 c5 12. Nf5 Bxf5 13. exf5 Nd7 14. Bf4 Bf6 15. Qc2 Ne5 16. Nd5 Nc6 17. Rad1 Nd4 18. Qd3 Kh8 19. b4 c6 20. Nxf6 Qxf6 21. bxc5 dxc5 22. Be5 Qxf5 23. Bxd4 Qxd3 24. Bxg7+ Kxg7 25. Rxd3 Rad8 26. Rg3+ Kf6 27. Rf3+ Kg6 28. g3 Rfe8 29. Rb1 Rd4 30. Rb7 f6 31. Rb6 Re6 32. Rc3 a5 33. Ra6 Rd2 34. Rxa5 Ree2 35. Rf3 Rxa2 36. Rxc5 Re6 37. g4 Rd2 38. Rf4 Rd3 39. Kg2 Rd2 40. h4 Rd3 41. Rcf5 Rdd6 42. c5 Rd1 43. Ra4 Rd7 44. Ra8 Rd4 45. h5+ Kh6 46. Rg8 Rd3 47. f3 Rd7 48. Kg3 Rd5 49. Rxd5 cxd5 50. Rd8 Rc6 51. Rxd5 Kg7 52. Kf4 Kf7 53. Rd7+ Ke6 54. Rxh7 Rxc5 55. Rg7 Rc8 56. h6 Rh8 57. h7 Kd6 58. Ke4 1-0

[Event "Leuven op 34th"]
[Site "Leuven"]
[Date "2023.11.11"]
[Round "4"]
[White "Manish, Anto Cristiano F"]
[Black "Van der Weij, Anton"]
[Result "1-0"]
[WhiteElo "2366"]
[BlackElo "2052"]
[PlyCount "55"]
[EventDate "2023.11.09"]
[EventType "swiss"]
[EventRounds "7"]
[EventCountry "BEL"]
[SourceTitle "CB46_2023"]
[SourceDate "2023.11.15"]
[SourceVersion "1"]
[SourceVersionDate "2023.11.15"]
[SourceQuality "1"]

1. e4 c5 2. Nf3 e6 3. d4 cxd4 4. Nxd4 Nc6 5. Nc3 Qc7 6. a3 a6 7. Be3 Nf6 8. f4 d5 9. exd5 exd5 10. Be2 Bd6 11. g3 0-0 12. Qd3 Re8 13. 0-0-0 Na5 14. Rhe1 Bd7 15. Bf3 Nc4 16. Nxd5 Nxd5 17. Bxd5 Nxe3 18. Rxe3 Rxe3 19. Qxe3 Re8 20. Qb3 Bg4 21. Nf3 Bxf3 22. Qxf3 b5 23. Kb1 Bc5 24. Bb3 a5 25. Qh5 Rc8 26. Qf5 g6 27. Bxf7+ Kg7 28. Bxg6 1-0

[Event "IND-ch U19"]
[Site "Ahmedabad"]
[Date "2023.09.22"]
[Round "4"]
[White "Manish, Anto Cristiano F"]
[Black "Priansh, Das"]
[Result "1/2-1/2"]
[WhiteElo "2372"]
[BlackElo "1846"]
[PlyCount "61"]
[EventDate "2023.09.20"]
[EventType "swiss"]
[EventRounds "11"]
[EventCountry "IND"]
[SourceTitle "EXT 2024"]
[Source "ChessBase"]
[SourceDate "2023.10.10"]
[SourceVersion "1"]
[SourceVersionDate "2023.10.10"]
[SourceQuality "1"]

1. d4 Nf6 2. c4 g6 3. Nc3 Bg7 4. g3 d6 5. Bg2 0-0 6. Nf3 Nbd7 7. 0-0 c6 8. e4 e5 9. Re1 Re8 10. h3 Qc7 11. b3 exd4 12. Nxd4 Nc5 13. Bb2 Bd7 14. Rc1 a5 15. Qd2 Qb6 16. Ba1 a4 17. Nxa4 Nxa4 18. bxa4 Rxa4 19. Nb3 Be6 20. Rb1 Qa7 21. Qxd6 Rxc4 22. Nd4 Bf8 23. Qe5 Nd7 24. Nxc6 Nxe5 25. Nxa7 Nd3 26. Re2 Bc5 27. Nb5 Rd8 28. Rd1 Rc1 29. Rxc1 Nxc1 30. Rc2 Rd1+ 31. Kh2 1/2-1/2

[Event "Asia-ch Blitz U20"]
[Site "Jamshedpur"]
[Date "2023.09.15"]
[Round "9"]
[White "Manish, Anto Cristiano F"]
[Black "Grebnev, Aleksey"]
[Result "0-1"]
[WhiteElo "2254"]
[BlackElo "2400"]
[PlyCount "156"]
[EventDate "2023.09.15"]
[EventType "swiss (blitz)"]
[EventRounds "9"]
[EventCountry "IND"]
[SourceTitle "EXT 2024"]
[Source "ChessBase"]
[SourceDate "2023.10.10"]
[SourceVersion "1"]
[SourceVersionDate "2023.10.10"]
[SourceQuality "1"]

1. e4 g6 2. d4 c6 3. Nc3 d5 4. e5 h5 5. f4 Nh6 6. Nf3 Bg4 7. Be3 Nf5 8. Qd2 Bxf3 9. gxf3 e6 10. Bd3 Nxe3 11. Qxe3 Qh4+ 12. Kd2 Qd8 13. Ne2 c5 14. c3 Qb6 15. Rab1 Nc6 16. Bc2 cxd4 17. Nxd4 Bc5 18. Ba4 Ke7 19. Bxc6 bxc6 20. b4 Bxd4 21. Qxd4 h4 22. h3 Rab8 23. a4 Rhc8 24. Qxb6 axb6 25. Rhg1 Ra8 26. Ra1 Ra7 27. Kc2 c5 28. Kb3 cxb4 29. cxb4 Rc4 30. Rg4 Rac7 31. Ra3 Rc3+ 32. Kb2 Rc2+ 33. Kb1 Rc1+ 34. Kb2 R7c2+ 35. Kb3 Rf2 36. a5 bxa5 37. Rxa5 Rxf3+ 38. Ka4 Rxh3 39. Ra7+ Kf8 40. Kb5 Rb1 41. Rb7 Kg7 42. Kc5 Rc3+ 43. Kd6 Rc4 44. Rxh4 Rcxb4 45. Re7 Rb7 46. Rxb7 Rxb7 47. Kc5 Rc7+ 48. Kd4 Rc4+ 49. Kd3 Re4 50. Rg4 Kf8 51. Rh4 g5 52. Rh8+ Kg7 53. Rh5 gxf4 54. Rg5+ Kf8 55. Rh5 Kg7 56. Rg5+ Kh6 57. Rg4 Rxe5 58. Rxf4 Kg6 59. Rg4+ Kf5 60. Rg1 Re4 61. Rf1+ Rf4 62. Rg1 f6 63. Ke3 e5 64. Rh1 d4+ 65. Kd3 Rf3+ 66. Ke2 Ke4 67. Rh4+ Rf4 68. Rh3 d3+ 69. Kd2 Rf2+ 70. Ke1 Re2+ 71. Kd1 f5 72. Rh4+ f4 73. Rg4 Rh2 74. Rg5 f3 75. Rg1 Kd4 76. Rg4+ e4 77. Rg1 f2 78. Rf1 e3 0-1

[Event "Asia-ch U20"]
[Site "Jamshedpur"]
[Date "2023.09.11"]
[Round "4"]
[White "Manish, Anto Cristiano F"]
[Black "Rohit, Krishna S"]
[Result "1/2-1/2"]
[WhiteElo "2372"]
[BlackElo "2429"]
[PlyCount "50"]
[EventDate "2023.09.09"]
[EventType "swiss"]
[EventRounds "9"]
[EventCountry "IND"]
[SourceTitle "EXT 2024"]
[Source "ChessBase"]
[SourceDate "2023.10.10"]
[SourceVersion "1"]
[SourceVersionDate "2023.10.10"]
[SourceQuality "1"]

1. c4 e6 2. g3 Nf6 3. Bg2 d5 4. Nf3 d4 5. 0-0 c5 6. e3 Nc6 7. exd4 cxd4 8. d3 Bd6 9. Re1 0-0 10. b3 Re8 11. Ba3 e5 12. Bxd6 Qxd6 13. a3 a5 14. Nbd2 h6 15. Qc2 Qc5 16. Qb2 Bf5 17. b4 axb4 18. axb4 Qxb4 19. Qxb4 Nxb4 20. Rxa8 Rxa8 21. Nxe5 Nxd3 22. Nxd3 Bxd3 23. Bxb7 Ra2 24. Nf3 Bxc4 25. Nxd4 Bd5 1/2-1/2

[Event "Asia-ch U20"]
[Site "Jamshedpur"]
[Date "2023.09.10"]
[Round "2"]
[White "Manish, Anto Cristiano F"]
[Black "Krishnan, Ritvik"]
[Result "1-0"]
[WhiteElo "2372"]
[BlackElo "2062"]
[PlyCount "77"]
[EventDate "2023.09.09"]
[EventType "swiss"]
[EventRounds "9"]
[EventCountry "IND"]
[SourceTitle "EXT 2024"]
[Source "ChessBase"]
[SourceDate "2023.10.10"]
[SourceVersion "1"]
[SourceVersionDate "2023.10.10"]
[SourceQuality "1"]

1. Nf3 d5 2. g3 c5 3. Bg2 Nc6 4. d4 e6 5. 0-0 Nf6 6. a3 c4 7. Nc3 Be7 8. Re1 0-0 9. e4 a6 10. e5 Nd7 11. h4 h6 12. Bf4 b5 13. Bh3 Nb6 14. Qd2 Kh7 15. Kg2 b4 16. axb4 Bxb4 17. h5 Rh8 18. Qe3 a5 19. Rg1 Kg8 20. g4 Be7 21. Kh2 Kf8 22. Rg3 a4 23. Nb5 Ra5 24. Nd6 Bxd6 25. exd6 f6 26. Nh4 Kf7 27. Rf3 Rb5 28. Ng6 Rg8 29. Ne5+ Nxe5 30. dxe5 Bb7 31. Qd4 Nd7 32. g5 f5 33. Bxf5 exf5 34. e6+ Ke8 35. exd7+ Kxd7 36. Re1 hxg5 37. Re7+ Qxe7 38. dxe7 gxf4 39. Rxf4 1-0

[Event "Asia-ch Rapid U20"]
[Site "Jamshedpur"]
[Date "2023.09.08"]
[Round "6"]
[White "Kushagra, Mohan"]
[Black "Manish, Anto Cristiano F"]
[Result "1-0"]
[WhiteElo "2261"]
[BlackElo "2164"]
[PlyCount "71"]
[EventDate "2023.09.08"]
[EventType "swiss (rapid)"]
[EventRounds "9"]
[EventCountry "IND"]
[SourceTitle "EXT 2024"]
[Source "ChessBase"]
[SourceDate "2023.10.10"]
[SourceVersion "1"]
[SourceVersionDate "2023.10.10"]
[SourceQuality "1"]

1. e4 c5 2. Nf3 d6 3. d4 cxd4 4. Nxd4 Nf6 5. Nc3 a6 6. Rg1 b5 7. a4 b4 8. Nd5 e6 9. Nxf6+ Qxf6 10. Be3 Bb7 11. Qd2 d5 12. 0-0-0 Nd7 13. f4 Bc5 14. e5 Qe7 15. Kb1 0-0 16. Bd3 f6 17. exf6 Nxf6 18. Rge1 Rfe8 19. Nxe6 Bxe3 20. Qxe3 Qd7 21. Nc5 Qc7 22. Qd4 Bc6 23. Qxb4 Reb8 24. Qd4 Qa5 25. Re7 Rb4 26. Qe3 Rab8 27. b3 Bxa4 28. Qe6+ Kh8 29. Qf7 Rg8 30. Bxh7 Nxh7 31. Rxd5 Qb6 32. Rh5 Bxb3 33. Nxb3 a5 34. Re8 Qg1+ 35. Ka2 Ra4+ 36. Kb2 1-0